आपण यांना पाहिलंत का (Record no. 1251797)

MARC details
000 -LEADER
fixed length control field 00667nam a2200193Ia 4500
008 - FIXED-LENGTH DATA ELEMENTS--GENERAL INFORMATION
fixed length control field 151121s9999||||xx |||||||||||||| ||und||
082 ## - DEWEY DECIMAL CLASSIFICATION NUMBER
Classification number 813/घरत
082 ## - DEWEY DECIMAL CLASSIFICATION NUMBER
Item number HNW-70322
100 ## - MAIN ENTRY--PERSONAL NAME
Personal name घरत केशव दा।
245 ## - TITLE STATEMENT
Title आपण यांना पाहिलंत का
260 ## - PUBLICATION, DISTRIBUTION, ETC. (IMPRINT)
Name of publisher, distributor, etc "सुविचार प्रकाशन, पुणे।"
260 ## - PUBLICATION, DISTRIBUTION, ETC. (IMPRINT)
Date of publication, distribution, etc --
300 ## - PHYSICAL DESCRIPTION
Extent 64
600 ## - SUBJECT ADDED ENTRY--PERSONAL NAME
Personal name घरत केशव दा।
630 ## - SUBJECT ADDED ENTRY--UNIFORM TITLE
Uniform title आपण यांना पाहिलंत का
700 ## - ADDED ENTRY--PERSONAL NAME
Personal name घरत केशव दा।
730 ## - ADDED ENTRY--UNIFORM TITLE
Uniform title आपण यांना पाहिलंत का
942 ## - ADDED ENTRY ELEMENTS (KOHA)
Koha item type Book
Holdings
Withdrawn status Lost status Damaged status Not for loan Home library Current library Date acquired Cost, normal purchase price Total Checkouts Full call number Barcode Date last seen Cost, replacement price Price effective from Koha item type
        Hirachand Nemchand Wachanalaya, Solapur Hirachand Nemchand Wachanalaya, Solapur 11/21/2015 10.00   HNW-70322 HNW-70322 11/21/2015 10.00 11/21/2015 Book